top 20 meilleurs joueurs - Statistiques

Statistiques générales
  • Ce quiz a été pris 2 fois
  • Le résultat moyen est 4 sur 20
Statistiques - réponses
Hint Réponse % Correct
9 Cubarsi
100%
4 Lamine Yamal
100%
2 Andrey Santos
50%
20 Falaye sakho
50%
1 Marlon Gomes
50%
6 VItor Roque
50%
12 Antonio Nusa
0%
11 Arthur augusto
0%
18 D'accord madame's
0%
10 Iker bravo
0%
16 ilenikhena
0%
17 ilian ben mostefa
0%
8 Marcos Leonardo
0%
5 Matheus franca
0%
15 Moleiro
0%
7 Obando
0%
14 Ordonez
0%
19 oriol romeu
0%
3 Savio
0%
13 Zambrano
0%
Aucun quiz correspondant
Distribution des résultats
% des personnes avec chaque résultat
Percentile par nombre de réponses
Votre historique - résultats
Vous n’avez pas pris ce quiz